| 000 | 00673nam a2200229 a 4500 | ||
|---|---|---|---|
| 999 |
_c3357 _d3357 |
||
| 001 | 3357 | ||
| 003 | BD-JhCC | ||
| 005 | 20171114131326.0 | ||
| 008 | 171113s1986 bg |||| |||| 000 0 ben d | ||
| 020 | _a9840733249 | ||
| 035 | _a(BD-JhCC) 3357 | ||
| 040 |
_aBD-JhCC _dBD-JhCC |
||
| 041 | _aben | ||
| 082 |
_a891.442 _bDEE 1986 |
||
| 100 | _aদীন, সেলিম আল | ||
| 245 |
_aতিনটি মঞ্চ নাটক / _cসেলিম আল দীন |
||
| 260 |
_aঢাকা : _bবাংলা একাডেমী, _c1986. |
||
| 300 |
_a২৩৯ পৃ. : _c২১ সেমি. |
||
| 650 | _astage Drama | ||
| 942 |
_2ddc _cBK |
||